[Event "Copa Mercosur"]
[Site "Villa Martelli"]
[Date "2006.08.01"]
[Round "9"]
[White "Panno, Oscar"]
[Black "COMP ZAP!Chess"]
[Result "1/2-1/2"]
[WhiteElo "2459"]
[BlackElo "2600"]
[Annotator "Roberto G Alvarez"]
[PlyCount "45"]
[EventDate "2006.07.24"]

1. d4 {0} 1... Nf6 {0} 2. Nf3 {21} 2... d5 {0} 3. c4 {77} 3... c6 {0} (3...
dxc4 4. e3 e6 5. Bxc4 c5 6. O-O a6 7. dxc5 Qxd1 8. Rxd1 Bxc5 9. Nbd2 b5 (9...
b6 {1/2-1/2 Simutowe,A-Ganguly,S/Goa 2002 (61)}) 10. Be2 Bb7 11. Nb3 Be7 (11...
Bb6 12. Bd2 Nc6 13. a4 bxa4 14. Rxa4 O-O 15. Rda1 Nb8 16. Na5 Bxa5 17. Bxa5 Rc8
18. Ne5 Nfd7 19. Nxd7 Nxd7 20. Bc3 Nc5 21. Rb4 Be4 22. f3 Bd3 23. Bxd3 Nxd3 24.
Rb6 a5 25. Rd6 Nc5 26. Rxa5 Rxa5 27. Bxa5 Nb7 28. Ra6 Nxa5 29. Rxa5 Rc1+ 30.
Kf2 Rc2+ 31. Kg3 g6 32. b4 Rb2 33. Rb5 e5 34. h4 h5 35. Rb8+ Kg7 36. b5 Re2 37.
e4 Rb2 38. b6 f5 39. b7 f4+ 40. Kh3 Kh7 41. g3 {
1-0 Trifunovic,P-Bilek,I/Belgrade 1962/EXT 2003 (41)}) 12. Na5 (12. Bd2 Nbd7
13. Rac1 Bd5 {1/2-1/2 Furman,S-Flohr,S/Polanica Zdroj 1967/MCD (13)}) 12... Bd5
13. Bd2 Nc6 14. Nxc6 Bxc6 15. Nd4 Bd5 16. f3 Bc5 17. Nc2 Ke7 18. Kf1 Nd7 19. e4
Bb7 20. a4 bxa4 21. Rxa4 Rhc8 22. Bc3 f6 23. h4 Nb6 24. Ra5 Bd6 25. Ne3 Bf4 26.
Bd4 Nd7 27. Nc4 Bc6 28. Na3 Bb7 29. Nc4 Bc6 30. Na3 Bb7 {
1/2-1/2 Bronstein,D-Spassky,B/Moscow 1964/MCL (30)}) 4. e3 {117} 4... e6 {0} 5.
Bd3 {51} 5... dxc4 {0} 6. Bxc4 {16} 6... c5 {0} 7. O-O {106} 7... a6 {0} 8.
dxc5 {80} 8... Qxd1 {0} 9. Rxd1 {15} 9... Bxc5 {0} 10. Nbd2 {165} 10... b5 {0}
(10... Nbd7 11. Nb3 Be7 12. Bd2 b6 13. Nfd4 Bb7 14. f3 Bd6 15. e4 Ke7 16. Rac1
Rac8 17. Be3 Nb8 18. a3 h6 19. Nd2 b5 20. Be2 Rxc1 21. Rxc1 Rc8 22. Rd1 Nc6 23.
N2b3 Nxd4 24. Bxd4 e5 25. Be3 Rc7 26. Kf1 Bc8 27. Na5 Rc2 28. Bd3 Rxb2 29. Bc1
Bxa3 30. Nc6+ Kd6 31. Bxb2 Bxb2 32. Bxb5+ Kc7 33. Ba4 Bd7 34. Rd2 Ba3 35. Rc2
Kb6 36. Rc4 Bc5 37. Nxe5 Be6 38. Rc1 Bd4 39. Nd3 Ka5 40. Bc6 Kb6 41. Ke2 a5 42.
Ba4 Nd7 43. Rb1+ Kc7 44. Rc1+ Kb7 45. Bxd7 {
1-0 Vladimirov,E-Sherbakov,R/Moscow 1994/CBM 045 ext (45)}) 11. Be2 {82} 11...
Bb7 {0} 12. Nb3 {228} 12... Be7 {0} (12... Bb6 13. Bd2 O-O 14. a4 bxa4 15. Rxa4
Rc8 16. Na5 Bd5 17. Nc4 Bc7 18. Be1 Bc6 19. Raa1 Bb5 20. Nfd2 Nbd7 21. Kf1 Rab8
22. Rdc1 Kf8 23. Nf3 Bd8 24. Nd4 Bxc4 25. Rxc4 Rxc4 26. Bxc4 Rxb2 27. Rxa6 g6
28. Nc6 Bb6 29. Ra2 Rxa2 30. Bxa2 Bc5 31. Ke2 Bd6 32. Bc3 Ne4 33. Be1 h5 34. f3
Nec5 35. h3 Ne5 36. Nd4 Ned3 37. Bd2 Ne5 38. Nb5 Be7 39. Bc3 Nc6 40. Bb1 Na4
41. Ba1 Nc5 42. f4 Nd7 43. Ba2 Bf6 44. Bxf6 {
1/2-1/2 Zaltsman,V-Zuckerman,B/New York 1987/CBM 002 (44)}) 13. Nfd4 {219} (13.
Na5 $5 {->Bronstein-Spassky, Moscow 1964}) 13... Nc6 {281} 14. Nxc6 {213} 14...
Bxc6 {290} 15. f3 {30} 15... Rd8 {223} 16. e4 {86} 16... Rxd1+ {242} 17. Bxd1 {
23} 17... Bd6 {207} 18. Be3 {234} 18... Ke7 {0} 19. Rc1 {76} 19... Rc8 {146}
20. g3 {663} (20. Nc5 {0} 20... Nd7 {0} 21. Nxa6 Bb7) (20. a3 Nd7 21. Na5 Nb8
22. f4 f6 23. Kf2) 20... Bd7 {0} 21. Rxc8 {38} 21... Bxc8 {175} 22. Nc5 {274}
22... Nd7 {169} 23. Nxd7 {45} 1/2-1/2

[Event "Copa Mercosur"]
[Site "Villa Martelli"]
[Date "2006.08.01"]
[Round "9"]
[White "Prasca Sosa, Raphael"]
[Black "Fier, Alexandr"]
[Result "1/2-1/2"]
[WhiteElo "2442"]
[BlackElo "2459"]
[PlyCount "46"]
[EventDate "2006.07.24"]

1. e4 c5 2. Nf3 d6 3. d4 cxd4 4. Nxd4 Nf6 5. Nc3 Nc6 6. Bg5 e6 7. Qd2 a6 8.
O-O-O Bd7 9. f4 b5 10. Bxf6 gxf6 11. Kb1 Qb6 12. Nxc6 Bxc6 13. Qe1 Be7 14. Bd3
Qc5 15. f5 b4 16. Ne2 e5 17. Ng3 h5 18. h4 a5 19. Qe2 a4 20. Bc4 Rc8 21. b3 Bd8
22. Rhe1 Ke7 23. Nxh5 Bb6 1/2-1/2

[Event "Copa Mercosur"]
[Site "Villa Martelli"]
[Date "2006.08.01"]
[Round "9"]
[White "Rodriguez, Andres"]
[Black "Bachman, Axel"]
[Result "0-1"]
[WhiteElo "2511"]
[BlackElo "2448"]
[PlyCount "148"]
[EventDate "2006.07.24"]

1. e4 c5 2. Nf3 e6 3. d4 cxd4 4. Nxd4 a6 5. Nc3 Qc7 6. g3 Nc6 7. Bg2 Nf6 8. O-O
Nxd4 9. Qxd4 Bc5 10. Qd3 O-O 11. Bf4 d6 12. Rad1 Ne8 13. a3 b5 14. b4 Ba7 15.
e5 d5 16. Nxd5 exd5 17. e6 Qe7 18. exf7+ Rxf7 19. Rfe1 Qf8 20. Bxd5 Bb7 21.
Bxf7+ Qxf7 22. Qd7 Qxd7 23. Rxd7 Bc6 24. Rd3 Nf6 25. Re6 Be4 26. Rd2 Kf7 27.
Re5 Rc8 28. Rxe4 Bxf2+ 29. Rxf2 Nxe4 30. Re2 Rc4 31. Be5 g5 32. Re3 Ke6 33. Bh8
g4 34. c3 Kf5 35. Rd3 Ke6 36. Kf1 Rc8 37. Bd4 Re8 38. Bg7 Rg8 39. Bd4 Re8 40.
Rd1 Kd5 41. Bg7+ Kc4 42. Rd7 h5 43. Ra7 Re6 44. Rd7 Rd6 45. Re7 Kd3 46. Re5
Nxc3 47. Rxh5 Nd5 48. Ke1 Ne3 49. Bh6 Nc4 50. Bf4 Rg6 51. Rd5+ Ke4 52. Rc5 Kf3
53. Kf1 Re6 54. Bc1 Ke4 55. a4 Ne5 56. axb5 axb5 57. Rxb5 Nd3 58. Bd2 Rf6+ 59.
Ke2 Rf2+ 60. Kd1 Nb2+ 61. Kc1 Nc4 62. Be1 Ra2 (62... Re2 63. Rc5 Kd4) 63. Rc5
Kd4 64. Rg5 Ra1+ 65. Kc2 Ne3+ 66. Kd2 Ra2+ 67. Kc1 Rc2+ 68. Kb1 Re2 69. Rh5
Rxe1+ 70. Kb2 Kc4 71. h3 Re2+ 72. Ka3 Nc2+ 73. Ka4 Nxb4 74. Ka5 Re6 0-1

[Event "Copa Mercosur"]
[Site "Villa Martelli"]
[Date "2006.08.01"]
[Round "9"]
[White "Stamenkovic, Dragan"]
[Black "Liascovich, Lucas"]
[Result "1-0"]
[WhiteElo "2393"]
[BlackElo "2395"]
[PlyCount "89"]
[EventDate "2006.07.24"]

1. d4 d5 2. Bg5 g6 3. Nf3 Bg7 4. e3 Nf6 5. c4 c5 6. Nc3 Ne4 7. Bh4 Qa5 8. Qb3
cxd4 9. Qb5+ Qxb5 10. Nxb5 Na6 11. Nfxd4 e5 12. Nc2 g5 13. Bg3 Bf5 14. O-O-O
O-O 15. f3 Nxg3 16. hxg3 dxc4 17. Nd6 Be6 18. Bxc4 Bxc4 19. Nxc4 e4 20. Nd6
exf3 21. gxf3 Rad8 22. b3 Nc5 23. Nb4 f5 24. Rd5 Bc3 25. Nc2 Bf6 26. Rhd1 b6
27. Nxf5 Rxd5 28. Rxd5 h5 29. f4 Ne4 30. fxg5 Bxg5 31. Re5 Kh7 32. Nfd4 Bxe3+
33. Nxe3 Nxg3 34. Rg5 Rd8 35. Nef5 h4 36. Rg7+ Kh8 37. Rg4 Rc8+ 38. Kb2 Nxf5
39. Nxf5 Rc5 40. Nxh4 a5 41. Nf3 Kh7 42. a4 Kh6 43. Nd4 Kh5 44. Rg8 Rd5 45. Kc3
1-0

[Event "Copa Mercosur"]
[Site "Villa Martelli"]
[Date "2006.08.02"]
[Round "10"]
[White "Panno, Oscar"]
[Black "Slipak, Sergio"]
[Result "1/2-1/2"]
[WhiteElo "2459"]
[BlackElo "2463"]
[PlyCount "22"]
[EventDate "2006.07.24"]

1. Nf3 Nf6 2. g3 b6 3. Bg2 Bb7 4. O-O g6 5. b3 Bg7 6. Bb2 O-O 7. c4 c5 8. Nc3
Na6 9. d4 Ne4 10. Nxe4 Bxe4 11. Qd2 d6 1/2-1/2

[Event "Copa Mercosur"]
[Site "Villa Martelli"]
[Date "2006.08.02"]
[Round "10"]
[White "COMP ZAP!Chess"]
[Black "Fier, Alexandr"]
[Result "1-0"]
[WhiteElo "2600"]
[BlackElo "2459"]
[PlyCount "44"]
[EventDate "2006.07.24"]

1. e4 e5 2. Nf3 Nc6 3. Bb5 Nf6 4. d4 Nxe4 5. O-O Nd6 6. Bxc6 dxc6 7. dxe5 Nf5
8. Qxd8+ Kxd8 9. b3 Ne7 10. Rd1+ Ke8 11. Nc3 h6 12. Nd4 Ng6 13. Ndb5 cxb5 14.
Nxb5 Bd7 15. Nxc7+ Kd8 16. Nxa8 Kc8 17. Be3 b6 18. Bxb6 Bc6 19. Rd8+ Kb7 20.
Bc7 Be7 21. Rxh8 Nxh8 22. Bd6 Bxd6 1-0

[Event "Copa Mercosur"]
[Site "Villa Martelli"]
[Date "2006.08.02"]
[Round "10"]
[White "Valerga, Diego"]
[Black "Rodriguez, Andres"]
[Result "1/2-1/2"]
[WhiteElo "2470"]
[BlackElo "2511"]
[PlyCount "30"]
[EventDate "2006.07.24"]

1. e4 e6 2. d4 d5 3. Nc3 Bb4 4. e5 c5 5. a3 Bxc3+ 6. bxc3 Nc6 7. Qg4 g6 8. a4
Qa5 9. Bd2 c4 10. h4 h5 11. Qf4 Bd7 12. Nh3 Nd8 13. Ng5 Bxa4 14. Be2 b5 15. Rh3
Qc7 1/2-1/2

[Event "Copa Mercosur"]
[Site "Villa Martelli"]
[Date "2006.08.02"]
[Round "10"]
[White "Liascovich, Lucas"]
[Black "Alonso, Salvador"]
[Result "1/2-1/2"]
[WhiteElo "2395"]
[BlackElo "2441"]
[PlyCount "25"]
[EventDate "2006.07.24"]

1. d4 d5 2. c4 c6 3. Nf3 Nf6 4. cxd5 cxd5 5. Nc3 Nc6 6. Bf4 a6 7. Rc1 Bf5 8. e3
Rc8 9. Ne5 Nxe5 10. dxe5 Ne4 11. Nxe4 Rxc1 12. Qxc1 Bxe4 13. Bxa6 1/2-1/2

[Event "Copa Mercosur"]
[Site "Villa Martelli"]
[Date "2006.08.02"]
[Round "10"]
[White "Hungaski, Robert"]
[Black "Rojas Keim, Luis"]
[Result "1/2-1/2"]
[WhiteElo "2412"]
[BlackElo "2464"]
[PlyCount "59"]
[EventDate "2006.07.24"]

1. e4 e6 2. d4 d5 3. Nc3 Bb4 4. e5 c5 5. a3 Bxc3+ 6. bxc3 Ne7 7. Qg4 Kf8 8. Bd2
b6 9. Nh3 Ba6 10. Bxa6 Nxa6 11. Bg5 h6 12. Bxe7+ Qxe7 13. O-O Rc8 14. f4 g6 15.
Qg3 cxd4 16. cxd4 Rxc2 17. Rac1 Rxc1 18. Rxc1 Kg7 19. f5 exf5 20. Nf4 Rd8 21.
Rc6 Qe8 22. Rf6 Nc7 23. Nh5+ Kh8 24. e6 Qa4 25. Qe5 Qd1+ 26. Kf2 Qd2+ 27. Kf1
Qd1+ 28. Kf2 Qd2+ 29. Kg3 Qd3+ 30. Kf2 1/2-1/2

[Event "Copa Mercosur"]
[Site "Villa Martelli"]
[Date "2006.08.02"]
[Round "10"]
[White "Needleman, Gaston"]
[Black "Prasca Sosa, Raphael"]
[Result "1-0"]
[WhiteElo "2435"]
[BlackElo "2442"]
[PlyCount "81"]
[EventDate "2006.07.24"]

1. d4 d5 2. Nf3 c6 3. Bf4 Nf6 4. e3 g6 5. h3 Bg7 6. c4 Qb6 7. Qb3 O-O 8. Nc3
Bf5 9. c5 Qxb3 10. axb3 Nbd7 11. g4 Be4 12. Nxe4 Nxe4 13. b4 a6 14. Bd3 Rae8
15. Bh2 f6 16. Ke2 Ng5 17. Nxg5 fxg5 18. b5 axb5 19. Ra7 e5 20. Rxb7 Rf7 21.
dxe5 Nxe5 22. Rxf7 Kxf7 23. Ra1 Nxd3 24. Kxd3 Bxb2 25. Ra7+ Re7 26. Ra6 Re6 27.
Bd6 Be5 28. Rxc6 Bxd6 29. cxd6 Re4 30. Rc5 Rb4 31. Rxd5 Ke8 32. e4 Rb1 33. Kd4
b4 34. Ke5 Kd7 35. Rc5 b3 36. Rc7+ Kd8 37. Rb7 b2 38. Ke6 Kc8 39. d7+ Kxb7 40.
d8=Q Rc1 41. Qd7+ 1-0

[Event "Copa Mercosur"]
[Site "Villa Martelli"]
[Date "2006.08.02"]
[Round "10"]
[White "Bachman, Axel"]
[Black "Stamenkovic, Dragan"]
[Result "1-0"]
[WhiteElo "2448"]
[BlackElo "2393"]
[PlyCount "67"]
[EventDate "2006.07.24"]

1. c4 Nf6 2. Nc3 c5 3. e4 Nc6 4. g3 d6 5. Bg2 e5 6. d3 Nd4 7. f4 Bg4 8. Qd2
exf4 9. gxf4 Nh5 10. Nd5 Qh4+ 11. Kf1 Rc8 12. Qf2 Qxf2+ 13. Kxf2 Be7 14. Bf3
Nxf3 15. Nxf3 Nf6 16. Nxe7 Kxe7 17. b3 Rhe8 18. Rg1 Bxf3 19. Kxf3 g6 20. Bb2 a6
21. Rge1 Nd7 22. d4 b5 23. Rac1 cxd4 24. Red1 bxc4 25. bxc4 g5 26. Rxd4 gxf4
27. Ba3 Rc6 28. Kxf4 Nc5 29. Rd5 f6 30. Bxc5 dxc5 31. Rh5 Ke6 32. Rxh7 Rb8 33.
Rd1 Rb2 34. Rdd7 1-0

[Event "Copa Mercosur"]
[Site "Villa Martelli"]
[Date "2006.08.03"]
[Round "11"]
[White "Alonso, Salvador"]
[Black "Bachman, Axel"]
[Result "1/2-1/2"]
[WhiteElo "2441"]
[BlackElo "2448"]
[PlyCount "79"]
[EventDate "2006.07.24"]

1. e4 d6 2. d4 Nf6 3. Nc3 g6 4. Bg5 c6 5. Qe2 Bg7 6. O-O-O Qa5 7. Nf3 e5 8.
dxe5 dxe5 9. Nd2 Qc7 10. Nc4 O-O 11. a4 Be6 12. Qd2 Na6 13. Qd6 Rfd8 14. Qxc7
Rxd1+ 15. Nxd1 Nxc7 16. f3 b6 17. Nc3 Nd7 18. Be2 Bf8 19. Rd1 Bb4 20. Bd2 b5
21. axb5 cxb5 22. Ne3 a6 23. Ncd5 Bxd2+ 24. Rxd2 Bxd5 25. Nxd5 Nxd5 26. Rxd5
Ra7 27. b4 Kf8 28. Kb2 f6 29. Rd6 Ke7 30. Rc6 Nb8 31. Rc8 Rb7 32. c3 Kd6 33.
Bd1 Nc6 34. Bb3 Rb8 35. Rxb8 Nxb8 36. Bg8 h6 37. Bf7 g5 38. Kb3 Nc6 39. Be8 Kc7
40. Bxc6 1/2-1/2

[Event "Copa Mercosur"]
[Site "Villa Martelli"]
[Date "2006.08.03"]
[Round "11"]
[White "Prasca Sosa, Raphael"]
[Black "Hungaski, Robert"]
[Result "1-0"]
[WhiteElo "2442"]
[BlackElo "2412"]
[PlyCount "69"]
[EventDate "2006.07.24"]

1. e4 e5 2. Nf3 Nc6 3. d4 exd4 4. Nxd4 Bc5 5. Nb3 Bb6 6. Nc3 d6 7. Qe2 a6 8.
Bf4 Be6 9. Nd5 Ba7 10. O-O-O Nge7 11. h3 O-O 12. g4 a5 13. a4 Re8 14. Qd2 Bxd5
15. exd5 Nb4 16. Bc4 Qd7 17. Bb5 c6 18. dxc6 bxc6 19. Bf1 Ned5 20. Kb1 Re4 21.
Bg3 Qe6 22. Bd3 Nxd3 23. Qxd3 Re8 24. Qa6 Bb6 25. f3 Re3 26. Rxd5 Qxd5 27. Qxb6
Rxf3 28. Rg1 h5 29. Qxa5 c5 30. Qd2 Qc6 31. gxh5 Qxa4 32. Bxd6 Qe4 33. Qg5 Qh7
34. h6 g6 35. Nxc5 1-0

[Event "Copa Mercosur"]
[Site "Villa Martelli"]
[Date "2006.08.03"]
[Round "11"]
[White "Rodriguez, Andres"]
[Black "Panno, Oscar"]
[Result "1/2-1/2"]
[WhiteElo "2511"]
[BlackElo "2459"]
[PlyCount "30"]
[EventDate "2006.07.24"]

1. d4 Nf6 2. Bg5 e6 3. e4 c5 4. d5 h6 5. Bxf6 Qxf6 6. Nc3 a6 7. Nf3 d6 8. dxe6
Bxe6 9. Be2 Nc6 10. O-O Be7 11. Nd5 Bxd5 12. exd5 Nd4 13. Nxd4 Qxd4 14. Qxd4
cxd4 15. Rfe1 Kd8 1/2-1/2

[Event "Copa Mercosur"]
[Site "Villa Martelli"]
[Date "2006.08.03"]
[Round "11"]
[White "Rojas Keim, Luis"]
[Black "Liascovich, Lucas"]
[Result "0-1"]
[WhiteElo "2464"]
[BlackElo "2395"]
[PlyCount "62"]
[EventDate "2006.07.24"]

1. e4 c5 2. Nf3 Nc6 3. d4 cxd4 4. Nxd4 e5 5. Nb5 d6 6. N1c3 a6 7. Na3 b5 8. Nd5
Nge7 9. c4 Nxd5 10. cxd5 Ne7 11. Bd3 Ng6 12. O-O Be7 13. Nc2 O-O 14. a4 bxa4
15. Rxa4 a5 16. Nb4 Bd7 17. Nc6 Bxc6 18. dxc6 Qb6 19. Bc4 Nf4 20. Bd5 Nxd5 21.
exd5 f5 22. Qc2 Bd8 23. b4 Qb5 24. bxa5 Rxa5 25. Rxa5 Bxa5 26. Qa2 f4 27. Bd2
Bb6 28. Rb1 Qe2 29. Rf1 f3 30. gxf3 Rxf3 31. Qb1 Rxf2 0-1

[Event "Copa Mercosur"]
[Site "Villa Martelli"]
[Date "2006.08.03"]
[Round "11"]
[White "Slipak, Sergio"]
[Black "COMP ZAP!Chess"]
[Result "0-1"]
[WhiteElo "2463"]
[BlackElo "2600"]
[PlyCount "84"]
[EventDate "2006.07.24"]

1. d4 {0} 1... Nf6 {1} 2. c3 {19} 2... g6 {0} 3. Bg5 {19} 3... Bg7 {0} 4. Nd2 {
15} 4... O-O {0} 5. e3 {16} 5... d6 {0} 6. Bc4 {193} 6... Nc6 {516} 7. Ne2 {190
} 7... d5 {247} 8. Bb5 {375} 8... Qd6 {484} 9. Bxf6 {285} 9... Qxf6 {211} 10.
Nf3 {176} 10... Rd8 {201} 11. O-O {208} 11... Bg4 {191} 12. Nc1 {235} 12... a5
{223} 13. h3 {273} 13... Bxf3 {141} 14. Qxf3 {23} 14... Qxf3 {109} 15. gxf3 {37
} 15... Na7 {91} 16. Ba4 {149} 16... e6 {143} 17. Nd3 {61} 17... Nc8 {59} 18.
Bc2 {182} 18... Nd6 {0} 19. a4 {67} 19... b6 {52} 20. f4 {151} 20... Rdc8 {0}
21. Rfc1 {224} 21... c5 {94} 22. Ne5 {68} 22... cxd4 {19} 23. cxd4 {102} 23...
Bxe5 {0} 24. fxe5 {82} 24... Nc4 {5} 25. b3 {134} 25... Nd2 {0} 26. Bd1 {62}
26... Ne4 {27} 27. Kf1 {170} 27... f5 {93} 28. Ke1 {336} 28... Kf7 {92} 29. f4
{268} 29... h6 {90} 30. Bf3 {209} 30... g5 {88} 31. Bxe4 {32} 31... dxe4 {86}
32. Kd2 {53} 32... g4 {84} 33. hxg4 {469} 33... fxg4 {0} 34. d5 {224} 34...
exd5 {83} 35. f5 {11} 35... Rxc1 {66} 36. Rxc1 {69} 36... Re8 {7} 37. e6+ {145}
37... Kf6 {81} 38. Rh1 {25} 38... Kxf5 {49} 39. Rxh6 {13} 39... Kg5 {60} 40.
Rh7 {28} 40... Rxe6 {78} 41. Rd7 {16} 41... Re5 {55} 42. Ke2 {13} 42... Rf5 {57
} 0-1

[Event "Copa Mercosur"]
[Site "Villa Martelli"]
[Date "2006.08.03"]
[Round "11"]
[White "Stamenkovic, Dragan"]
[Black "Valerga, Diego"]
[Result "0-1"]
[WhiteElo "2393"]
[BlackElo "2470"]
[PlyCount "90"]
[EventDate "2006.07.24"]

1. d4 e6 2. Nf3 Nf6 3. Bg5 h6 4. Bh4 d6 5. e3 Nbd7 6. Bd3 g5 7. Bg3 Nh5 8. Nbd2
Bg7 9. c3 Qe7 10. Qc2 Ndf6 11. Qb3 O-O 12. O-O-O b6 13. h3 Nxg3 14. fxg3 c5 15.
e4 Bb7 16. Rhe1 d5 17. e5 Nh5 18. Bb1 Nxg3 19. Qc2 Ne4 20. Nxe4 dxe4 21. Nd2
cxd4 22. Nxe4 Rfd8 23. Nd6 Rxd6 24. exd6 Qxd6 25. Qh7+ Kf8 26. Be4 Qf4+ 27. Kb1
Bxe4+ 28. Rxe4 Qf2 29. Rexd4 Bxd4 30. Rxd4 Qf5+ 31. Qxf5 exf5 32. Rd6 Re8 33.
Rxh6 Re1+ 34. Kc2 Re2+ 35. Kb3 Rxg2 36. Rf6 Rf2 37. a4 Kg7 38. Rd6 g4 39. hxg4
fxg4 40. a5 bxa5 41. Rd4 f5 42. c4 g3 43. Rd1 g2 44. Rg1 Kf6 45. c5 Ke5 0-1